|
|
|
|
| LEADER |
00000cam a2200000 a 4500 |
| 001 |
022587 |
| 003 |
UAHC_CL |
| 005 |
20170803122135.0 |
| 008 |
020507b xx j 000 1 eng |
| 020 |
|
|
|a 8432204021
|
| 040 |
|
|
|a UAHC_CL
|c UAHC_CL
|d UAHC_CL
|
| 100 |
1 |
|
|a Paz, Octavio
|
| 245 |
1 |
0 |
|a Sor Juana Inés de la Cruz o las trampas de la fe.
|
| 260 |
|
|
|b Seix Barral
|c 1998
|a Barcelona
|
| 300 |
|
|
|a 658 p.
|
| 600 |
1 |
4 |
|a JUANA INES DE LA CRUZ
|c SOR
|d 1651-1695
|
| 650 |
|
4 |
|a RELIGIOSAS
|z MEXICO
|v BIOGRAFIAS
|
| 650 |
|
4 |
|a AUTORES MEXICANOS
|y SIGLO 17
|v BIOGRAFIAS
|
| 900 |
|
|
|a 928.61 PAZ
|
| 942 |
|
|
|c BK
|
| 952 |
|
|
|0 0
|1 0
|4 0
|6 928_610000000000000_PAZ
|7 0
|8 General
|9 44944
|a BC
|b BC
|c General
|d 2017-08-03
|l 1
|m 1
|o 928.61 PAZ
|p 1323457
|r 2026-01-13 00:00:00
|s 2022-04-13
|t 1
|w 2017-08-03
|y BK
|
| 952 |
|
|
|0 0
|1 0
|4 0
|6 928_610000000000000_PAZ
|7 0
|8 General
|9 44945
|a BC
|b BC
|c General
|d 2017-08-03
|l 0
|o 928.61 PAZ
|p 1356366
|r 2026-01-13 00:00:00
|t 2
|w 2017-08-03
|y BK
|
| 999 |
|
|
|c 22587
|d 22587
|